The employer, the employee and the law in Malaysia

Bibliographic Details
Main Author: Ayadurai, Dunston (Author)
Format: Book
Published: Singapore : Butterworths , c1985
Subjects:

MARC

LEADER 00000cam a2200000 7i4500
001 0000008172
005 20160926093000.0
008 021119s1985
020 |a 0409995045 
090 0 0 |a HD6961   |b .A9 
100 0 |a Ayadurai, Dunston ,   |e author 
245 1 4 |a The employer, the employee and the law in Malaysia   |c Dunston Ayudurai 
260 2 |a Singapore :   |b Butterworths ,   |c c1985 
300 |a xxiv, 335 p. ;   |c 21 cm. 
504 |a Includes index 
650 0 |a Labor laws and legislation   |z Malaysia 
650 0 |a Trade-unions   |x Law and legislation   |z Malaysia 
999 |a 1000011881   |b Book   |c OPEN SHELF (30 DAYS)   |e Gong Badak Campus